000 00478nam a2200205Ia 4500
008 170918s9999 xx 000 0 und d
020 _a9780399244568
050 _bF583 2007
100 _aFlanagan, John
245 4 _aThe icebound land /
245 _cby John Flanagan.
260 _aUSA :
260 _bPuffin Books,
260 _c2007
300 _a266 pages :
300 _billustrations ;
300 _c19cm.
300 _eRanger's apprentice ;
440 _a3
999 _c343372
_d343372